Normal view MARC view

Entry Personal Name

Number of records used in: 1

001 - CONTROL NUMBER

  • control field: 4898

003 - CONTROL NUMBER IDENTIFIER

  • control field: OSt

005 - DATE AND TIME OF LATEST TRANSACTION

  • control field: 20150525181603.0

008 - FIXED-LENGTH DATA ELEMENTS

  • fixed length control field: 150525|| aca||aabn | a|a d

040 ## - CATALOGING SOURCE

  • Original cataloging agency: OSt
  • Transcribing agency: OSt

100 ## - HEADING--PERSONAL NAME

  • Personal name: Abutudu Musa I

670 ## - SOURCE DATA FOUND

  • Source citation: Work cat.: (OSt): Abutudu Musa I, The State, Civil Society and the Democratisation Process in Nigeria /, 1995.